Statistics for Shape and Flag Quiz

Click here to take the quiz!

General Stats

  • This quiz has been taken 179 times
  • The average score is 16 of 20

Answer Stats

Answer% Correct
Cyprus
99%
Jamaica
96%
Sri Lanka
94%
Kazakhstan
93%
Mongolia
93%
Panama
93%
Scotland
91%
Somalia
91%
Ecuador
90%
Qatar
90%
Papua New Guinea
89%
Hong Kong
88%
Senegal
88%
Greenland
87%
Washington
84%
Catalonia
58%
Sicily
55%
Abkhazia
35%
New York City
24%
Amsterdam
23%

Score Distribution

Percentile by Number Answered

Percent of People with Each Score

Your Score History

You have not taken this quiz